<?xml version="1.0" encoding="UTF-8"?>
<record
    xmlns:xsi="http://www.w3.org/2001/XMLSchema-instance"
    xsi:schemaLocation="http://www.loc.gov/MARC21/slim http://www.loc.gov/standards/marcxml/schema/MARC21slim.xsd"
    xmlns="http://www.loc.gov/MARC21/slim">

  <leader>06030nam a22004457a 4500</leader>
  <controlfield tag="003">EG-GICUC</controlfield>
  <controlfield tag="005">20260503134022.0</controlfield>
  <controlfield tag="008">260503s2025    ua a|||frm||| 000 0 eng d</controlfield>
  <datafield tag="040" ind1=" " ind2=" ">
    <subfield code="a">EG-GICUC</subfield>
    <subfield code="b">eng</subfield>
    <subfield code="c">EG-GICUC</subfield>
    <subfield code="d">EG-GICUC</subfield>
    <subfield code="e">rda</subfield>
  </datafield>
  <datafield tag="041" ind1="0" ind2=" ">
    <subfield code="a">eng</subfield>
    <subfield code="b">eng</subfield>
    <subfield code="b">ara</subfield>
  </datafield>
  <datafield tag="049" ind1=" " ind2=" ">
    <subfield code="a">Deposit</subfield>
  </datafield>
  <datafield tag="082" ind1="0" ind2="4">
    <subfield code="a">615.82</subfield>
  </datafield>
  <datafield tag="092" ind1=" " ind2=" ">
    <subfield code="a">615.82</subfield>
    <subfield code="2">21</subfield>
  </datafield>
  <datafield tag="097" ind1=" " ind2=" ">
    <subfield code="a">M.Sc</subfield>
  </datafield>
  <datafield tag="099" ind1=" " ind2=" ">
    <subfield code="a">Cai01.21.07.M.Sc.2025.Ha.M</subfield>
  </datafield>
  <datafield tag="100" ind1="0" ind2=" ">
    <subfield code="a">Hagar Gamal Ameen Mohamed, </subfield>
    <subfield code="e">preparation.</subfield>
  </datafield>
  <datafield tag="245" ind1="1" ind2="0">
    <subfield code="a">Microcurrent versus transcutaneous  electrical nerve stimulation on  pressure ulcer /</subfield>
    <subfield code="c">by Hagar Gamal Ameen Mohamed ; Supervisors Prof. Dr. Khadra Mohamed Ali, Prof. Dr. Ashraf elsebaie Mohamed, Dr.Aya Gamal Fawzy Elsyed.</subfield>
  </datafield>
  <datafield tag="246" ind1="1" ind2="5">
    <subfield code="a">&#x627;&#x644;&#x62A;&#x64A;&#x627;&#x631; &#x627;&#x644;&#x62F;&#x642;&#x64A;&#x642; &#x645;&#x642;&#x627;&#x628;&#x644; &#x62A;&#x62D;&#x641;&#x64A;&#x632; &#x627;&#x644;&#x639;&#x635;&#x628; &#x627;&#x644;&#x643;&#x647;&#x631;&#x628;&#x627;&#x626;&#x64A; &#x639;&#x628;&#x631; &#x627;&#x644;&#x62C;&#x644;&#x62F; &#x639;&#x644;&#x649; &#x642;&#x631;&#x62D; &#x627;&#x644;&#x641;&#x631;&#x627;&#x634;</subfield>
  </datafield>
  <datafield tag="264" ind1=" " ind2="0">
    <subfield code="c">2025.</subfield>
  </datafield>
  <datafield tag="300" ind1=" " ind2=" ">
    <subfield code="a">66 pages : </subfield>
    <subfield code="b">illustrations ;</subfield>
    <subfield code="c">25 cm. + </subfield>
    <subfield code="e">CD.</subfield>
  </datafield>
  <datafield tag="336" ind1=" " ind2=" ">
    <subfield code="a">text</subfield>
    <subfield code="2">rda content</subfield>
  </datafield>
  <datafield tag="337" ind1=" " ind2=" ">
    <subfield code="a">Unmediated</subfield>
    <subfield code="2">rdamedia</subfield>
  </datafield>
  <datafield tag="338" ind1=" " ind2=" ">
    <subfield code="a">volume</subfield>
    <subfield code="2">rdacarrier</subfield>
  </datafield>
  <datafield tag="502" ind1=" " ind2=" ">
    <subfield code="a"> Thesis (M.Sc)-Cairo University, 2025.</subfield>
  </datafield>
  <datafield tag="504" ind1=" " ind2=" ">
    <subfield code="a">Bibliography: pages 55-63.</subfield>
  </datafield>
  <datafield tag="520" ind1=" " ind2="3">
    <subfield code="a">Background:Pressure ulcers (PUs) are a common and challenging condition in immobilized patients, significantly impacting their quality of life and increasing healthcare burdens. Traditional wound care strategies often yield slow results, prompting the exploration of electrotherapeutic modalities. Microcurrent therapy (MCT) and transcutaneous electrical nerve stimulation (TENS) had emerged as promising adjuncts due to their roles in enhancing tissue repair and promoting circulation.Purpose: This randomized controlled trial intended to evaluate the therapeutic efficacy of MCT compared to TENS in the treatment of sacral pressure ulcers. Subjects and methods: Forty-four patients with sacral pressure ulcers in stages II and III were recruited from Belbeis Central Hospital and were randomly assigned into two equal groups. Their ages ranged from 40 to 60 years. Group A received MCT with a current intensity in the microampere range, applied three times per week for six weeks. Group B received TENS with low-frequency electrical stimulation for the same duration. Both groups also received standard wound care. The primary outcomes were assessed using Duplex Ultrasound and the Pressure Ulcer Scale for Healing (PUSH) to evaluate changes in tissue perfusion and wound size. Results:Results revealed that both groups experienced significant improvement in local blood flow parameters as measured by duplex ultrasound and in wound healing as assessed by the PUSH scale. Although Group A (MCT) showed a greater mean reduction in wound area and a higher vascular response, there was no statistically significant difference between the two groups (p &gt; 0.05).Conclusion: These findings suggested that microcurrent therapy was more effective than TENS in accelerating the healing of sacral pressure ulcers.</subfield>
  </datafield>
  <datafield tag="520" ind1=" " ind2="3">
    <subfield code="a">&#x627;&#x644;&#x63A;&#x631;&#x636; :&#x645;&#x642;&#x627;&#x631;&#x646;&#x629; &#x62A;&#x623;&#x62B;&#x64A;&#x631; &#x643;&#x644;&#x627; &#x645;&#x646;  &#x627;&#x644;&#x62A;&#x64A;&#x627;&#x631; &#x627;&#x644;&#x62F;&#x642;&#x64A;&#x642; &#x645;&#x642;&#x627;&#x628;&#x644; &#x62A;&#x62D;&#x641;&#x64A;&#x632; &#x627;&#x644;&#x639;&#x635;&#x628; &#x627;&#x644;&#x643;&#x647;&#x631;&#x628;&#x627;&#x626;&#x64A; &#x639;&#x628;&#x631; &#x627;&#x644;&#x62C;&#x644;&#x62F; &#x639;&#x644;&#x649; &#x642;&#x631;&#x62D; &#x627;&#x644;&#x641;&#x631;&#x627;&#x634; .&#x645;&#x646;&#x647;&#x62C; &#x627;&#x644;&#x628;&#x62D;&#x62B; : &#x634;&#x645;&#x644;&#x62A; &#x647;&#x630;&#x647; &#x627;&#x644;&#x62F;&#x631;&#x627;&#x633;&#x629; 44 &#x62D;&#x627;&#x644;&#x629; &#x62A;&#x639;&#x627;&#x646;&#x64A; &#x645;&#x646; &#x642;&#x631;&#x62D; &#x627;&#x644;&#x641;&#x631;&#x627;&#x634; &#x641;&#x64A; &#x645;&#x646;&#x637;&#x642;&#x629; &#x627;&#x644;&#x639;&#x62C;&#x632;&#x60C; &#x648;&#x62A;&#x645; &#x62A;&#x642;&#x633;&#x64A;&#x645;&#x647;&#x645; &#x639;&#x634;&#x648;&#x627;&#x626;&#x64A;&#x64B;&#x627; &#x625;&#x644;&#x649; &#x645;&#x62C;&#x645;&#x648;&#x639;&#x62A;&#x64A;&#x646; &#x645;&#x62A;&#x633;&#x627;&#x648;&#x64A;&#x62A;&#x64A;&#x646;&#x60C; &#x643;&#x644; &#x645;&#x62C;&#x645;&#x648;&#x639;&#x629; &#x62A;&#x62D;&#x62A;&#x648;&#x64A; &#x639;&#x644;&#x649; 22 &#x62D;&#x627;&#x644;&#x629;. &#x62A;&#x645; &#x62A;&#x642;&#x64A;&#x64A;&#x645; &#x62D;&#x627;&#x644;&#x629; &#x627;&#x644;&#x642;&#x631;&#x62D;&#x629; &#x628;&#x627;&#x633;&#x62A;&#x62E;&#x62F;&#x627;&#x645; &#x645;&#x642;&#x64A;&#x627;&#x633; &#x62A;&#x642;&#x64A;&#x64A;&#x645; &#x634;&#x62F;&#x629; &#x627;&#x644;&#x642;&#x631;&#x62D;&#x629; &#x60C; &#x643;&#x645;&#x627; &#x62A;&#x645; &#x627;&#x633;&#x62A;&#x62E;&#x62F;&#x627;&#x645; &#x627;&#x644;&#x645;&#x648;&#x62C;&#x627;&#x62A; &#x641;&#x648;&#x642; &#x627;&#x644;&#x635;&#x648;&#x62A;&#x64A;&#x629; &#x62F;&#x648;&#x628;&#x644;&#x631; &#x627;&#x644;&#x645;&#x644;&#x648;&#x646;  &#x644;&#x62A;&#x642;&#x64A;&#x64A;&#x645; &#x62A;&#x62F;&#x641;&#x642; &#x627;&#x644;&#x62F;&#x645; &#x641;&#x64A; &#x627;&#x644;&#x627;&#x648;&#x639;&#x64A;&#x629; &#x627;&#x644;&#x62F;&#x645;&#x648;&#x64A;&#x629; &#x642;&#x628;&#x644; &#x648;&#x628;&#x639;&#x62F; &#x641;&#x62A;&#x631;&#x629; &#x627;&#x644;&#x639;&#x644;&#x627;&#x62C; &#x641;&#x64A; &#x643;&#x644;&#x627; &#x627;&#x644;&#x645;&#x62C;&#x645;&#x648;&#x639;&#x62A;&#x64A;&#x646;.  &#x627;&#x644;&#x645;&#x62C;&#x645;&#x648;&#x639;&#x629; &#x627;&#x644;&#x623;&#x648;&#x644;&#x649; (&#x627;&#x644;&#x639;&#x644;&#x627;&#x62C; &#x628;&#x627;&#x644;&#x62A;&#x64A;&#x627;&#x631;  &#x627;&#x644;&#x62F;&#x642;&#x64A;&#x642;):&#x62A;&#x644;&#x642;&#x62A; 22 &#x62D;&#x627;&#x644;&#x629; &#x639;&#x644;&#x627;&#x62C;&#x64B;&#x627; &#x628;&#x627;&#x633;&#x62A;&#x62E;&#x62F;&#x627;&#x645; &#x627;&#x644;&#x62A;&#x64A;&#x627;&#x631;  &#x627;&#x644;&#x62F;&#x642;&#x64A;&#x642; &#x628;&#x627;&#x644;&#x625;&#x636;&#x627;&#x641;&#x629; &#x625;&#x644;&#x649; &#x627;&#x644;&#x631;&#x639;&#x627;&#x64A;&#x629; &#x627;&#x644;&#x637;&#x628;&#x64A;&#x629; &#x627;&#x644;&#x631;&#x648;&#x62A;&#x64A;&#x646;&#x64A;&#x629;&#x60C; &#x648;&#x630;&#x644;&#x643; &#x644;&#x645;&#x62F;&#x629; 45 &#x62F;&#x642;&#x64A;&#x642;&#x629;&#x60C; &#x62B;&#x644;&#x627;&#x62B; &#x645;&#x631;&#x627;&#x62A; &#x623;&#x633;&#x628;&#x648;&#x639;&#x64A;&#x64B;&#x627;&#x60C; &#x644;&#x645;&#x62F;&#x629; &#x633;&#x62A;&#x629; &#x623;&#x633;&#x627;&#x628;&#x64A;&#x639;. &#x627;&#x644;&#x645;&#x62C;&#x645;&#x648;&#x639;&#x629; &#x627;&#x644;&#x62B;&#x627;&#x646;&#x64A;&#x629; (&#x62A;&#x62D;&#x641;&#x64A;&#x632; &#x627;&#x644;&#x639;&#x635;&#x628; &#x627;&#x644;&#x643;&#x647;&#x631;&#x628;&#x627;&#x626;&#x64A; &#x639;&#x628;&#x631; &#x627;&#x644;&#x62C;&#x644;&#x62F;  ):&#x62A;&#x644;&#x642;&#x62A; 22 &#x62D;&#x627;&#x644;&#x629; &#x639;&#x644;&#x627;&#x62C;&#x64B;&#x627; &#x628;&#x627;&#x633;&#x62A;&#x62E;&#x62F;&#x627;&#x645; &#x62C;&#x647;&#x627;&#x632; &#x627;&#x644;&#x62A;&#x62D;&#x641;&#x64A;&#x632;  &#x627;&#x644;&#x639;&#x635;&#x628; &#x627;&#x644;&#x643;&#x647;&#x631;&#x628;&#x627;&#x626;&#x64A; &#x639;&#x628;&#x631; &#x627;&#x644;&#x62C;&#x644;&#x62F; &#x645;&#x639; &#x646;&#x641;&#x633; &#x627;&#x644;&#x631;&#x639;&#x627;&#x64A;&#x629; &#x627;&#x644;&#x637;&#x628;&#x64A;&#x629; &#x60C; &#x648;&#x628;&#x62A;&#x643;&#x631;&#x627;&#x631; &#x648;&#x645;&#x62F;&#x629; &#x645;&#x645;&#x627;&#x62B;&#x644;&#x629; &#x644;&#x644;&#x645;&#x62C;&#x645;&#x648;&#x639;&#x629; &#x627;&#x644;&#x623;&#x648;&#x644;&#x649;  , &#x648;&#x642;&#x62F; &#x623;&#x638;&#x647;&#x631;&#x62A; &#x627;&#x644;&#x646;&#x62A;&#x627;&#x626;&#x62C; : &#x62A;&#x62D;&#x633;&#x646;&#x64B;&#x627; &#x645;&#x644;&#x62D;&#x648;&#x638;&#x64B;&#x627; &#x641;&#x64A; &#x643;&#x644;&#x62A;&#x627; &#x627;&#x644;&#x645;&#x62C;&#x645;&#x648;&#x639;&#x62A;&#x64A;&#x646; &#x645;&#x646; &#x62D;&#x64A;&#x62B; &#x62A;&#x642;&#x644;&#x64A;&#x644; &#x62D;&#x62C;&#x645; &#x627;&#x644;&#x642;&#x631;&#x62D;&#x629; &#x648;&#x62A;&#x62D;&#x633;&#x64A;&#x646; &#x62A;&#x62F;&#x641;&#x642; &#x627;&#x644;&#x62F;&#x645; &#x641;&#x64A; &#x627;&#x644;&#x623;&#x648;&#x639;&#x64A;&#x629; &#x627;&#x644;&#x62F;&#x645;&#x648;&#x64A;&#x629;&#x60C; &#x625;&#x644;&#x627; &#x623;&#x646; &#x627;&#x644;&#x62A;&#x62D;&#x633;&#x646; &#x643;&#x627;&#x646; &#x623;&#x643;&#x62B;&#x631; &#x648;&#x636;&#x648;&#x62D;&#x64B;&#x627; &#x648;&#x630;&#x627; &#x62F;&#x644;&#x627;&#x644;&#x629; &#x625;&#x62D;&#x635;&#x627;&#x626;&#x64A;&#x629; &#x641;&#x64A; &#x627;&#x644;&#x645;&#x62C;&#x645;&#x648;&#x639;&#x629; &#x627;&#x644;&#x62A;&#x64A; &#x62A;&#x644;&#x642;&#x62A; &#x627;&#x644;&#x639;&#x644;&#x627;&#x62C; &#x628;&#x627;&#x644;&#x62A;&#x64A;&#x627;&#x631; &#x627;&#x644;&#x62F;&#x642;&#x64A;&#x642;. &#x627;&#x644;&#x623;&#x633;&#x62A;&#x646;&#x62A;&#x627;&#x62C;: &#x627;&#x644;&#x639;&#x644;&#x627;&#x62C; &#x628;&#x627;&#x644;&#x62A;&#x64A;&#x627;&#x631; &#x627;&#x627;&#x644;&#x62F;&#x642;&#x64A;&#x642; &#x64A;&#x64F;&#x639;&#x62F; &#x648;&#x633;&#x64A;&#x644;&#x629; &#x641;&#x639;&#x627;&#x644;&#x629; &#x648;&#x622;&#x645;&#x646;&#x629; &#x644;&#x62A;&#x62D;&#x641;&#x64A;&#x632; &#x627;&#x644;&#x62A;&#x626;&#x627;&#x645; &#x642;&#x631;&#x62D; &#x627;&#x644;&#x641;&#x631;&#x627;&#x634; &#x648;&#x62A;&#x62D;&#x633;&#x64A;&#x646; &#x62A;&#x62F;&#x641;&#x642; &#x627;&#x644;&#x62F;&#x645; &#x641;&#x64A; &#x627;&#x644;&#x623;&#x648;&#x639;&#x64A;&#x629; &#x627;&#x644;&#x62F;&#x645;&#x648;&#x64A;&#x629;&#x60C; &#x648;&#x64A;&#x64F;&#x648;&#x635;&#x649; &#x628;&#x627;&#x633;&#x62A;&#x62E;&#x62F;&#x627;&#x645;&#x647; &#x643;&#x62C;&#x632;&#x621; &#x645;&#x646; &#x62E;&#x637;&#x629; &#x627;&#x644;&#x639;&#x644;&#x627;&#x62C; &#x627;&#x644;&#x641;&#x64A;&#x632;&#x64A;&#x627;&#x626;&#x64A; &#x644;&#x645;&#x631;&#x636;&#x649; &#x642;&#x631;&#x62D; &#x627;&#x644;&#x641;&#x631;&#x627;&#x634;.&#x648;&#x642;&#x62F; &#x623;&#x638;&#x647;&#x631;&#x62A; &#x627;&#x644;&#x645;&#x642;&#x627;&#x631;&#x646;&#x629; &#x628;&#x64A;&#x646; &#x627;&#x644;&#x645;&#x62C;&#x645;&#x648;&#x639;&#x62A;&#x64A;&#x646; &#x639;&#x62F;&#x645; &#x648;&#x62C;&#x648;&#x62F; &#x641;&#x631;&#x642; &#x630;&#x648; &#x62F;&#x644;&#x627;&#x644;&#x629; &#x625;&#x62D;&#x635;&#x627;&#x626;&#x64A;&#x629; (p &gt; &#x660;&#x66B;&#x660;&#x665;).</subfield>
  </datafield>
  <datafield tag="530" ind1=" " ind2=" ">
    <subfield code="a">Issues also as CD.</subfield>
  </datafield>
  <datafield tag="546" ind1=" " ind2=" ">
    <subfield code="a">Text in English and abstract in Arabic &amp; English.</subfield>
  </datafield>
  <datafield tag="650" ind1=" " ind2="0">
    <subfield code="a">Physical Therapy</subfield>
  </datafield>
  <datafield tag="650" ind1=" " ind2="0">
    <subfield code="a">&#x627;&#x644;&#x639;&#x644;&#x627;&#x62C; &#x627;&#x644;&#x637;&#x628;&#x64A;&#x639;&#x64A; </subfield>
  </datafield>
  <datafield tag="653" ind1=" " ind2="1">
    <subfield code="a">Pressure ulcers</subfield>
    <subfield code="a">Microcurrent therapy</subfield>
    <subfield code="a">Transcutaneous electrical nerve stimulation</subfield>
    <subfield code="a">PUSH scale</subfield>
    <subfield code="a">Duplex Ultrasound</subfield>
    <subfield code="a">&#x642;&#x631;&#x62D; &#x627;&#x644;&#x641;&#x631;&#x627;&#x634; </subfield>
    <subfield code="a">&#x627;&#x644;&#x62A;&#x64A;&#x627;&#x631;  &#x627;&#x644;&#x62F;&#x642;&#x64A;&#x642;</subfield>
  </datafield>
  <datafield tag="700" ind1="0" ind2=" ">
    <subfield code="a">Khadra Mohamed Ali</subfield>
    <subfield code="e">thesis advisor.</subfield>
  </datafield>
  <datafield tag="700" ind1="0" ind2=" ">
    <subfield code="a">Ashraf elsebaie Mohamed</subfield>
    <subfield code="e">thesis advisor.</subfield>
  </datafield>
  <datafield tag="700" ind1="0" ind2=" ">
    <subfield code="a">Aya Gamal Fawzy Elsyed</subfield>
    <subfield code="e">thesis advisor.</subfield>
  </datafield>
  <datafield tag="900" ind1=" " ind2=" ">
    <subfield code="b">01-01-2025</subfield>
    <subfield code="c">Khadra Mohamed Ali</subfield>
    <subfield code="c">Ashraf elsebaie Mohamed</subfield>
    <subfield code="c">Aya Gamal Fawzy Elsyed</subfield>
    <subfield code="U">Cairo University</subfield>
    <subfield code="F">Faculty of Physical Therapy </subfield>
    <subfield code="D">Department of Physical Therapy for surgery </subfield>
  </datafield>
  <datafield tag="905" ind1=" " ind2=" ">
    <subfield code="a">Shimaa</subfield>
  </datafield>
  <datafield tag="942" ind1=" " ind2=" ">
    <subfield code="2">ddc</subfield>
    <subfield code="c">TH</subfield>
    <subfield code="e">21</subfield>
    <subfield code="n">0</subfield>
  </datafield>
  <datafield tag="999" ind1=" " ind2=" ">
    <subfield code="c">179929</subfield>
  </datafield>
  <datafield tag="952" ind1=" " ind2=" ">
    <subfield code="2">ddc</subfield>
    <subfield code="9">317583</subfield>
    <subfield code="a">CUCL</subfield>
    <subfield code="b">cl210</subfield>
    <subfield code="d">2026-05-03</subfield>
    <subfield code="i">93954</subfield>
    <subfield code="o">Cai01.21.07.M.Sc.2025.Ha.M</subfield>
    <subfield code="p">01010110093954000</subfield>
    <subfield code="r">2026-05-03 12:40:43</subfield>
    <subfield code="w">2026-05-03</subfield>
    <subfield code="y">TH</subfield>
  </datafield>
</record>
